000 00392nam a2200145Ia 4500
008 100122s9999 xx 000 0 und d
082 _b34931
_a823.08
100 _aकर्णिक मधु मंगेश
245 _aतहान
260 _bभगवानदास हिरजी
_c1966
300 _a180
630 _aतहान
730 _aतहान
942 _cBOOK
999 _c418366
_d418363